Lily and Miss Liberty / (Record no. 887)

MARC details
000 -LEADER
fixed length control field 00959nam a22002777a 4500
005 - DATE AND TIME OF LATEST TRANSACTION
control field 20260320135457.0
020 ## - INTERNATIONAL STANDARD BOOK NUMBER
International Standard Book Number 0590449192 :
020 ## - INTERNATIONAL STANDARD BOOK NUMBER
International Standard Book Number 078073003990
020 ## - INTERNATIONAL STANDARD BOOK NUMBER
International Standard Book Number 9780590449205
040 ## - CATALOGING SOURCE
Original cataloging agency DLC
Transcribing agency DLC
Modifying agency DLC
Language of cataloging eng
050 00 - LIBRARY OF CONGRESS CALL NUMBER
Classification number PZ7.S8435
Item number Li 1992
082 ## - DEWEY DECIMAL CLASSIFICATION NUMBER
Classification number 333
100 1# - MAIN ENTRY--PERSONAL NAME
Personal name Stevens, Carla.
245 10 - TITLE STATEMENT
Title Lily and Miss Liberty /
Statement of responsibility, etc. by Carla Stevens ; illustrated by Deborah Kogan Ray.
260 ## - PUBLICATION, DISTRIBUTION, ETC.
Place of publication, distribution, etc. New York :
Name of publisher, distributor, etc. Scholastic,
Date of publication, distribution, etc. 1992.
300 ## - PHYSICAL DESCRIPTION
Extent 64 pages :
Other physical details illustrations ;
Dimensions 20 cm
505 ## - FORMATTED CONTENTS NOTE
Formatted contents note P <br/>
520 ## - SUMMARY, ETC.
Summary, etc. A little girl makes crowns and sells them to help raise money for the pedestal needed for mounting France's gift of the Statue of Liberty to this country.
521 ## - TARGET AUDIENCE NOTE
Target audience note 620 <br/>
Source Lexile <br/>
521 ## - TARGET AUDIENCE NOTE
Target audience note P <br/>
Source Raz-Plus <br/>
650 #1 - SUBJECT ADDED ENTRY--TOPICAL TERM
Topical term or geographic name entry element Statue of Liberty (New York, N.Y.)
General subdivision Fiction.
700 1# - ADDED ENTRY--PERSONAL NAME
Personal name Ray, Deborah Kogan,
Dates associated with a name 1940-
Relator term illustrator
906 ## - LOCAL DATA ELEMENT F, LDF (RLIN)
a 7
b cbc
c orignew
d 1
e ocip
f 19
g y-gencatlg
942 ## - ADDED ENTRY ELEMENTS (KOHA)
Source of classification or shelving scheme Dewey Decimal Classification
Koha item type Books
Suppress in OPAC No
999 ## -
-- 887
-- 887
Holdings
Withdrawn status Lost status Source of classification or shelving scheme Damaged status Not for loan Collection Home library Current library Shelving location Date acquired Total Checkouts Full call number Barcode Date last seen Date last checked out Copy number Price effective from Koha item type
    Dewey Decimal Classification     Juvenile Fiction Footprints International School Library Network Toul Kork Campus Footprints International School Library Network Toul Kork Campus TK Primary Library Room(4th Floor), Bookcase 3&4, Shelves 17-32, Yellow Books 07/13/2023 1 STE 333 PZ7.S8435 FISTK00227 11/25/2024 11/05/2024 1 07/13/2023 Books
    Dewey Decimal Classification     Juvenile Fiction Footprints International School Library Network Toul Kork Campus Footprints International School Library Network Toul Kork Campus TK Primary Library Room(4th Floor), Bookcase 3&4, Shelves 17-32, Yellow Books 07/13/2023 3 STE 333 PZ7.S8435 FISTK00226 04/08/2026 11/11/2025 3 07/13/2023 Books
    Dewey Decimal Classification     Juvenile Fiction Footprints International School Library Network Toul Tom Poung Campus Footprints International School Library Network Toul Tom Poung Campus TTP Primary Yellow Bookshelves 07/13/2023 2 STE 333 PZ7.S8435 FIS00232 03/20/2026 11/12/2025 2 07/13/2023 Books
    Dewey Decimal Classification     Juvenile Fiction Footprints International School Library Network Toul Tom Poung Campus Footprints International School Library Network Toul Tom Poung Campus TTP Primary Yellow Bookshelves 02/06/2025 1 STE 333 PZ7.S8435 2025-0432 03/20/2026 11/12/2025 4 07/13/2023 Books
    Dewey Decimal Classification     Juvenile Fiction Footprints International School Library Network Toul Tom Poung Campus Footprints International School Library Network Toul Tom Poung Campus TTP Primary Yellow Bookshelves 02/06/2025 1 STE 333 PZ7.S8435 2025-0433 03/20/2026 11/12/2025 5 07/13/2023 Books